| 000 | 00774cab a22002055a 4500 | ||
|---|---|---|---|
| 001 | L158326 | ||
| 008 | 070622c2014 xxkwr p 0 a0eng | ||
| 022 | 1 | _a2047-3710 | |
| 035 | _a(Sirsi) u158326 | ||
| 041 | 0 | _aeng | |
| 245 | 0 | 0 | _aInternational Journal of Agricultural Management |
| 260 |
_aPortbury _bThe Institute of Agricultural Management _c2013-2014 |
||
| 520 | _aCombines the resources and expertise of the Journal of Farm Management (first published in 1967) and the Journal of International Farm Management, while extending their depth of content and geographical coverage. | ||
| 520 | _aKept for one year | ||
| 554 | _aAnnual | ||
| 651 | 4 | _aInternational | |
| 690 |
_aRural _96268 |
||
| 856 | _uhttps://www.ingentaconnect.com/content/iagrm | ||
| 942 | _n0 | ||
| 999 |
_c119398 _d119398 |
||